University Home | Library Home | Institutional Repository

China: behind the mask, (Record no. 164925)

MARC details
000 -LEADER
fixed length control field 00808cam5a220025300 4500
001 - CONTROL NUMBER
control field lce00791278
008 - FIXED-LENGTH DATA ELEMENTS--GENERAL INFORMATION
fixed length control field 730404s1973 njua 000 0 eng
010 ## - LIBRARY OF CONGRESS CONTROL NUMBER
LC control number 72097892 //r81
020 ## - INTERNATIONAL STANDARD BOOK NUMBER
International Standard Book Number 0871284790
020 ## - INTERNATIONAL STANDARD BOOK NUMBER
Terms of availability
-- .95
035 ## - SYSTEM CONTROL NUMBER
System control number (Sirsi) r104790
035 ## - SYSTEM CONTROL NUMBER
System control number (DLC) 72097892 //r81
035 ## - SYSTEM CONTROL NUMBER
System control number (UPRA)lce00791278
043 ## - GEOGRAPHIC AREA CODE
Geographic area code a-cc---
050 0# - LIBRARY OF CONGRESS CALL NUMBER
Classification number DS711
Item number .P47
082 ## - DEWEY DECIMAL CLASSIFICATION NUMBER
Classification number 915.1/04/5
100 1# - MAIN ENTRY--PERSONAL NAME
Personal name Phillips, Warren H.
Linkage A61832.1
245 10 - TITLE STATEMENT
Title China: behind the mask,
Statement of responsibility, etc. by Warren H. Phillips and Robert Keatley.
260 ## - PUBLICATION, DISTRIBUTION, ETC.
Place of publication, distribution, etc. Princeton, N.J.,
Name of publisher, distributor, etc. Dow Jones Books
Date of publication, distribution, etc. [1973]
651 #0 - SUBJECT ADDED ENTRY--GEOGRAPHIC NAME
Geographic name China -- Description and travel.
General subdivision China -- Description and travel.
Linkage S22038.1
700 1# - ADDED ENTRY--PERSONAL NAME
Personal name Keatley, Robert.
Linkage A61833.1
949 ## - LOCAL PROCESSING INFORMATION (OCLC)
a DS711
w lcc
i 33729000786728
m MAIN
t BOOK
l ON-SHELF

No items available.

© 2026 - The University of Zambia Library - Koha v25.11